La lengua y los textos 2 /
Guardado en:
| Autor Principal: | |
|---|---|
| Otros Autores: | , , |
| Formato: | Libro |
| Publicado: |
Buenos Aires :
Santillana,
1995
|
| Series: | Secundaria
|
| Materias: | |
| Etiquetas: |
Agregar Etiqueta
Sin Etiquetas, Sea el primero en etiquetar este registro!
|
| LEADER | 01040nam a22002655a 4500 | ||
|---|---|---|---|
| 001 | CEM.cems009243 | ||
| 005 | 20090403124119.0 | ||
| 008 | 130507s1995##################000#0#####d | ||
| 003 | CEMS | ||
| 020 | |a 9504602932 | ||
| 082 | 0 | 4 | |a 468 |
| 100 | 1 | |a Rodríguez, María Elena | |
| 245 | 1 | 0 | |a La lengua y los textos 2 / |c Coordinado Por María Elena Rodríguez |
| 260 | |a Buenos Aires : |b Santillana, |c 1995 | ||
| 300 | |a 191 p. | ||
| 490 | 0 | |a Secundaria | |
| 500 | |a Para nivel Educación Secundaria | ||
| 505 | 0 | |a Recuento -- Biografía y autobiografía -- El discurso histórico -- Leer para aprender -- Ciencias naturales y exactas -- Novela -- Retrato -- Caricatura -- Telenovela -- Cine -- Poesía -- Canción -- Poemas narrativos -- La publicidad y la propaganda -- Textos periodísticos | |
| 653 | |a Lengua | ||
| 653 | |a Lengua-educación secundaria | ||
| 653 | |a Textos | ||
| 700 | 1 | |a Avendaño, Fernando | |
| 700 | 1 | |a Aime, Susana | |
| 700 | 1 | |a Cetkovich, Gabriel | |
| 859 | |a CEMS |b BIB. CEMS - 11 de abril |h 468 |i R618 |p 18831.96 |t Ej.1 |v II |3 II | ||
